Unterwegs zur Einheit : reden und Dokumente aus bewegter Zeit /
Uložené v:
| Hlavný autor: | |
|---|---|
| Médium: | Kniha |
| Jazyk: | German |
| Vydané: |
Berlin :
Wolf Jobst Siedler Verlag,
1991
|
| ISBN: |
3-88680-408-9 |
| Fyzický popis: |
287 S. |
| Tagy: |
Pridať tag
Žiadne tagy, Buďte prvý kto otaguje tento záznam!
|
Titul je dostupný aj v ... 

MARC
| LEADER | 00000nam a2200000 a 4500 | ||
|---|---|---|---|
| 001 | 000475708 | ||
| 003 | SVKK | ||
| 005 | 20040119101022.0 | ||
| 008 | 040119s1991 e gero | ||
| 020 | |a 3-88680-408-9 | ||
| 040 | |b ger |c 03 | ||
| 080 | |a 32(081) |2 undef | ||
| 100 | 1 | |a Genscher, Hans-Dietrich |4 aut | |
| 245 | 1 | 0 | |a Unterwegs zur Einheit : |b reden und Dokumente aus bewegter Zeit / |c Hans-Dietrich Genscher |
| 260 | |a Berlin : |b Wolf Jobst Siedler Verlag, |c 1991 | ||
| 300 | |a 287 S. | ||
| 910 | |a KEA001 | ||
| 972 | |a 32(081) GEN | ||
| 998 | |a BK | ||
| 973 | |a 2360/93 | ||
| 090 | |g SCKGI |k Študovňa GI |a 32(081) GEN |j 2360/93 |i G2720004774 |s Vyradená | ||